000 00210 a2200097 4500
001 22722
100 _aFitzgerald, A E
245 _aElectric Machinery
260 _a
_bMcGraw-Hill
_c1961
090 _c15361
_d15361
942 _aNUST-CAE
_cM
_c5960
999 _c257795
_d257795